000 00351nam a22001457a 4500
003 OSt
005 20211223094011.0
008 211223b |||||||| |||| 00| 0 eng d
020 _a0131118943
040 _cHU
082 _a004.4468WAT 2004
100 _aWatson
_9742
245 _aIntroduction To Opreating Systems & Networks
942 _2ddc
_cBOOKS
_n0
999 _c23615
_d23615